000 00316nam a2200121Ia 4500
008 190216s9999||||xx |||||||||||||| ||und||
100 _aSankara Rao.K
245 0 _aNumerical Methods For Scientists And Engg
260 _bPrentice Hall Of India Pvt Ltd
_c2001
300 _a273
650 _aMathematics
942 _cBK
999 _c31945
_d31945